ORNAMENTAL HORTICULTURE (Record no. 5962)

MARC details
000 -LEADER
fixed length control field 00214nam a22000977a 4500
005 - DATE AND TIME OF LATEST TRANSACTION
control field 20210909111802.0
008 - FIXED-LENGTH DATA ELEMENTS--GENERAL INFORMATION
fixed length control field 190621b xxu||||| |||| 00| 0 eng d
041 ## - LANGUAGE CODE
Language code of text/sound track or separate title eng
245 ## - TITLE STATEMENT
Title ORNAMENTAL HORTICULTURE
942 ## - ADDED ENTRY ELEMENTS (KOHA)
Koha item type Books
Holdings
Lost status Damaged status Collection code Home library Current library Shelving location Date acquired Source of acquisition Full call number Accession Number Koha item type
    Reference JRU Library JRU Library SHELF-2-C 21/06/2019 DONATION 635.9 23109 Books